| 000 | 01331nam a2200265Ia 4500 | ||
|---|---|---|---|
| 999 |
_c54773 _d54773 |
||
| 001 | 21841 | ||
| 003 | GE_BSU | ||
| 005 | 20220602162002.0 | ||
| 008 | 181216s2007||||ge |||||||||||||| ||geo|| | ||
| 040 | _cGE_BSU | ||
| 041 | _ageo | ||
| 080 | _a811.353.1(076.1)+371.277.2 მ-97 | ||
| 100 |
_aმწყერაშვილი, ზ. _913963 |
||
| 245 |
_aქართული ენის ტესტი ზოგადი უნარ-ჩვევათა გამომუშავებისათვის : _bპირველი კლასი / _cზ. მწყერაშვილი, ი. კეკელიშვილი. |
||
| 264 |
_aთბილისი : _b[?], _c2007. |
||
| 300 |
_a24 გვ. : _bილ. ; _c28 სმ. |
||
| 500 | _aწანართი : საქ. სახელმწ. დროშა, გერბი და ჰიმნი "თავისუფლება" | ||
| 541 | _h4 ლ. | ||
| 653 | _aქართული ენა | ||
| 653 | _aქართული ენის ტესტი | ||
| 653 | _aზოგადი უნარ-ჩვევათა გამომუშავებისათვის | ||
| 653 | _aპირველი კლასი | ||
| 700 |
_aკეკელიშვილი, ი. _eავტორი _913964 |
||
| 942 |
_cBK _2udc |
||